000 00522nam a22001697a 4500
008 180312b xxu||||| |||| 00| 0 eng d
082 _aN/658.4/Ac44m
100 _aAcharya, Rameshwar
245 _aA mini research report on relationship between corporate governance and firm valuation
260 _aKathmandu:
_bTU Research Center,
_c2016.
300 _axi, 55p.
500 _aA mini research report
504 _aBibliography: p.42-50
650 _aManagement
650 _aCorporate governance
942 _2ddc
_cNCN
999 _c82521
_d82510